000 00467nam a2200169Ia 4500
999 _c28862
_d28862
003 OSt
005 20201125151240.0
008 190216s9999||||xx |||||||||||||| ||und||
040 _coclc
082 _a920
_bJER/O
100 _aJereena,
_96890
245 0 _aOru Malayali Hijidayude Athmakatha /
_cJereena
260 _bHepiras Books,
_aCalicut;
_c2006.
300 _a124p
650 _aAthmakadha
942 _cBK
_2ddc
_h920
_iJER/O
_k920
_mJER/O